[Event "HUN-chT2 Szechenyi 0304"]
[Site "Hungary"]
[Date "2003.11.30"]
[Round "4"]
[White "Kirchner, Daniel"]
[Black "Simon, Istvan"]
[Result "1-0"]
[WhiteElo "1781"]
[BlackElo "1911"]
[PlyCount "55"]
[EventDate "2003.09.28"]
[EventType "team-tourn"]
[EventRounds "11"]
[EventCountry "HUN"]
[SourceTitle "EXT 2009"]
[Source "ChessBase"]
[SourceDate "2008.11.26"]
[SourceVersion "1"]
[SourceVersionDate "2008.11.26"]
[SourceQuality "1"]
[WhiteTeam "Zala Volan"]
[BlackTeam "Veszprem"]
[WhiteTeamCountry "HUN"]
[BlackTeamCountry "HUN"]

1. e4 e6 2. d4 d5 3. exd5 exd5 4. Nf3 Nf6 5. Bg5 Be7 6. Bd3 Bg4 7. Nbd2 Nc6 8. c3 h6 9. Bh4 Qd7 10. Qc2 Qe6+ 11. Kf1 g5 12. Bg3 0-0-0 13. h3 Ne4 14. Nxe4 Bxh3 15. gxh3 dxe4 16. Bxe4 Qc4+ 17. Qd3 Qa4 18. Ne5 Nxe5 19. Bxe5 f6 20. Bg3 c6 21. Bf5+ Rd7 22. Bxd7+ Kxd7 23. Qf5+ Kd8 24. Re1 Re8 25. Kg2 Qc4 26. Re3 Qxa2 27. Rhe1 Qxb2 28. Qa5+ 1-0

[Event "HUN-chT2 Szechenyi 0203"]
[Site "Hungary"]
[Date "2003.02.02"]
[Round "6"]
[White "Kirchner, Daniel"]
[Black "Havasi, Jozsef"]
[Result "1/2-1/2"]
[WhiteElo "1786"]
[BlackElo "1837"]
[PlyCount "44"]
[EventDate "2002.09.22"]
[EventType "team-tourn"]
[EventRounds "11"]
[EventCountry "HUN"]
[SourceTitle "EXT 2009"]
[Source "ChessBase"]
[SourceDate "2008.11.26"]
[SourceVersion "1"]
[SourceVersionDate "2008.11.26"]
[SourceQuality "1"]

1. e4 e5 2. Nf3 Nc6 3. Bc4 Bc5 4. c3 Qe7 5. 0-0 h6 6. d4 Bb6 7. d5 Nb8 8. Be3 Nf6 9. Bd3 0-0 10. c4 Ng4 11. Bxb6 axb6 12. h3 Nf6 13. Nc3 d6 14. Nd2 g5 15. g4 Kg7 16. f3 Rh8 17. Kg2 Nh7 18. Ne2 Nf8 19. Ng3 Ng6 20. Kh2 Nf4 21. Qc2 Qf6 22. Nf5+ Kf8 1/2-1/2